[Event "European Rapid Championship 2021"]
[Site "Katowice"]
[Date "2021.12.19"]
[Round "10.2"]
[White "Martinkus, Rolandas"]
[Black "Wieczorek, Oskar"]
[Result "0-1"]
[WhiteElo "2033"]
[BlackElo "2367"]
[Annotator "NA"]
[PlyCount "66"]
[EventDate "2021.12.18"]
[EventType "swiss"]
[EventCountry "POL"]
[SourceTitle "playchess.com"]
[Source "ChessBase"]
[SourceQuality "1"]
[TimeControl "900+10"]

1. Nf3 {[%emt 0:00:01]} c5 {[%emt 0:00:01]} 2. c4 {[%emt 0:00:08]} g6 {[%emt 0:
00:02]} 3. Nc3 {[%emt 0:00:08]} Bg7 {[%emt 0:00:01]} 4. g3 {[%emt 0:00:06]} Nc6
{[%emt 0:00:02]} 5. Bg2 {[%emt 0:00:02]} e5 {[%emt 0:00:01]} 6. d3 {[%emt 0:00:
02]} Nge7 {[%emt 0:00:02]} 7. Nd2 {[%emt 0:00:08]} d6 {[%emt 0:00:12]} 8. Nf1 {
[%emt 0:00:04]} h5 {[%emt 0:00:44]} 9. Ne3 {[%emt 0:00:21]} h4 {[%emt 0:00:03]}
10. Ned5 {[%emt 0:00:32]} Nxd5 {[%emt 0:00:30]} 11. cxd5 {[%emt 0:01:19]} h3 {
[%emt 0:01:07]} 12. Bf1 {[%emt 0:00:23]} Ne7 {[%emt 0:00:31]} 13. e4 Bd7 {
[%emt 0:02:23]} 14. Be2 {[%emt 0:00:08]} b5 {[%emt 0:00:13]} 15. Be3 {[%emt 0:
00:05]} Nc8 {[%emt 0:01:19]} 16. a3 {[%emt 0:01:27]} a5 {[%emt 0:00:16]} 17. b4
{[%emt 0:00:55]} axb4 {[%emt 0:00:36]} 18. axb4 {[%emt 0:00:02]} Rxa1 {[%emt 0:
00:01]} 19. Qxa1 {[%emt 0:00:01]} cxb4 {[%emt 0:00:02]} 20. Na2 {[%emt 0:00:14]
} b3 {[%emt 0:01:12]} 21. Nb4 {[%emt 0:00:02]} O-O {[%emt 0:00:45]} 22. Bd1 {
[%emt 0:00:31]} f5 {[%emt 0:01:58]} 23. Bxb3 {[%emt 0:00:06]} Qf6 {[%emt 0:02:
38]} 24. exf5 {[%emt 0:04:51]} gxf5 {[%emt 0:01:21]} 25. f4 {[%emt 0:00:08]}
Qg6 {[%emt 0:00:39]} 26. Rg1 {[%emt 0:01:19]} exf4 {[%emt 0:01:33]} 27. Bd4 {
[%emt 0:00:01]} Re8+ {[%emt 0:01:11]} 28. Kd2 {[%emt 0:00:03]} Bxd4 {[%emt 0:
00:11]} 29. Qxd4 {[%emt 0:00:04]} f3 {[%emt 0:00:02]} 30. Re1 {[%emt 0:00:50]}
Rxe1 {[%emt 0:00:04]} 31. Kxe1 {[%emt 0:00:02]} Qe8+ {[%emt 0:00:01]} 32. Kd2 {
[%emt 0:00:34]} Qe2+ {[%emt 0:00:02]} 33. Kc3 {[%emt 0:00:09]} f2 {[%emt 0:00:
01]} 0-1

[Event "European Rapid Championship 2021"]
[Site "Katowice"]
[Date "2021.12.19"]
[Round "10.3"]
[White "Vetoshko, Volodymyr"]
[Black "Pultinevicius, Paulius"]
[Result "0-1"]
[WhiteElo "2483"]
[BlackElo "2536"]
[Annotator "ChessBase"]
[PlyCount "120"]
[EventDate "2021.12.18"]
[EventType "swiss"]
[EventCountry "POL"]
[SourceTitle "playchess.com"]
[Source "ChessBase"]
[SourceQuality "1"]
[TimeControl "900+10"]

1. e4 {[%emt 0:00:02]} c6 {[%emt 0:00:01]} 2. d4 {[%emt 0:00:01]} d5 {[%emt 0:
00:01]} 3. exd5 {[%emt 0:00:00]} cxd5 {[%emt 0:00:00]} 4. Bd3 {[%emt 0:00:01]}
Nc6 {[%emt 0:00:01]} 5. c3 {[%emt 0:00:01]} Qc7 {[%emt 0:00:04]} 6. h3 {
[%emt 0:00:05]} g6 {[%emt 0:00:08]} 7. Nf3 {[%emt 0:00:09]} Bf5 {[%emt 0:00:04]
} 8. O-O {[%emt 0:00:08]} Bxd3 {[%emt 0:00:13]} 9. Qxd3 {[%emt 0:00:01]} Nf6 {
[%emt 0:00:32]} 10. Re1 {[%emt 0:02:18]} Bg7 {[%emt 0:01:03]} 11. Ne5 {[%emt 0:
00:51]} O-O {[%emt 0:00:03]} 12. Bf4 {[%emt 0:00:16]} Nh5 {[%emt 0:00:13]} 13.
Bh2 {[%emt 0:00:26]} Bxe5 {[%emt 0:00:06]} 14. dxe5 {[%emt 0:00:14]} Qb6 {
[%emt 0:00:02]} 15. Na3 {[%emt 0:01:38]} Rad8 {[%emt 0:01:37]} 16. Nc2 {
[%emt 0:02:34]} d4 {[%emt 0:01:56]} 17. Rad1 {[%emt 0:00:03]} dxc3 {[%emt 0:02:
17]} 18. Qxc3 {[%emt 0:00:01]} Rxd1 {[%emt 0:00:01]} 19. Rxd1 {[%emt 0:00:01]}
Rd8 {[%emt 0:00:02]} 20. Rxd8+ {[%emt 0:01:36]} Qxd8 {[%emt 0:00:01]} 21. Ne3 {
[%emt 0:00:44]} Qd7 {[%emt 0:02:56]} 22. Qb3 {[%emt 0:01:55]} Ng7 {[%emt 0:02:
01]} 23. Qd5 {[%emt 0:02:12]} Qc8 {[%emt 0:00:01]} 24. Bf4 {[%emt 0:01:27]} h5
{[%emt 0:00:29]} 25. g4 {[%emt 0:01:14]} Ne6 {[%emt 0:00:42]} 26. Bg3 {[%emt 0:
00:02]} hxg4 {[%emt 0:00:34]} 27. hxg4 {[%emt 0:00:01]} Nb4 {[%emt 0:01:22]}
28. Qb5 {[%emt 0:00:33]} Nxa2 {[%emt 0:00:49]} 29. Nd5 {[%emt 0:00:28]} Kf8 {
[%emt 0:00:04]} 30. Qa5 {[%emt 0:00:28]} Qc4 {[%emt 0:00:49]} 31. Ne3 {[%emt 0:
00:06]} Qc1+ {[%emt 0:00:09]} 32. Kg2 {[%emt 0:00:16]} Qxb2 {[%emt 0:00:05]}
33. Qxa7 {[%emt 0:00:02]} Nc3 {[%emt 0:00:24]} 34. Qb8+ {[%emt 0:00:30]} Kg7 {
[%emt 0:00:01]} 35. Qe8 {[%emt 0:00:12]} Qb4 {[%emt 0:00:04]} 36. Bh4 {[%emt 0:
00:02]} Qe4+ {[%emt 0:00:19]} 37. Kh2 {[%emt 0:00:30]} Qxe5+ {[%emt 0:00:42]}
38. Bg3 {[%emt 0:00:01]} Qc5 {[%emt 0:00:03]} 39. Qb8 {[%emt 0:00:00]} Ne4 {
[%emt 0:00:52]} 40. Qxb7 {[%emt 0:00:03]} Nxg3 {[%emt 0:00:22]} 41. Kxg3 {
[%emt 0:00:02]} Qe5+ {[%emt 0:00:01]} 42. Kg2 {[%emt 0:00:37]} Nf4+ {[%emt 0:
00:01]} 43. Kf3 {[%emt 0:00:05]} Nd3 {[%emt 0:00:13]} 44. Ke2 {[%emt 0:00:05]}
Nf4+ {[%emt 0:00:26]} 45. Kf3 {[%emt 0:00:01]} Qf6 {[%emt 0:00:16]} 46. Kg3 {
[%emt 0:00:11]} Nd3 {[%emt 0:00:01]} 47. Qf3 {[%emt 0:00:19]} Qa1 {[%emt 0:00:
01]} 48. Kh2 {[%emt 0:00:16]} Qe1 {[%emt 0:00:33]} 49. Ng2 {[%emt 0:00:20]} Qf1
{[%emt 0:00:19]} 50. Kg3 {[%emt 0:00:10]} Nc1 {[%emt 0:00:14]} 51. Nf4 {
[%emt 0:00:09]} Qg1+ {[%emt 0:00:01]} 52. Qg2 {[%emt 0:00:06]} Qe1 {[%emt 0:00:
04]} 53. Qd5 {[%emt 0:00:15]} e5 {[%emt 0:00:17]} 54. Ng2 {[%emt 0:00:10]} Qc3+
{[%emt 0:00:17]} 55. Ne3 {[%emt 0:00:06]} Ne2+ {[%emt 0:00:01]} 56. Kh2 {
[%emt 0:00:04]} Qa1 {[%emt 0:00:04]} 57. Qd1 {[%emt 0:00:14]} Qa6 {[%emt 0:00:
15]} 58. Qd5 {[%emt 0:00:07]} Qf6 {[%emt 0:00:02]} 59. Qg2 {[%emt 0:00:19]}
Qh4+ {[%emt 0:00:02]} 60. Qh3 {[%emt 0:00:01]} Qxf2+ {[%emt 0:00:01]} 0-1

[Event "European Rapid Championship 2021"]
[Site "Katowice"]
[Date "2021.12.19"]
[Round "10.3"]
[White "Woloch, Oskar"]
[Black "Lubczynski, Rafal"]
[Result "1-0"]
[WhiteElo "2036"]
[BlackElo "2289"]
[Annotator "NA"]
[PlyCount "53"]
[EventDate "2021.12.18"]
[EventType "swiss"]
[EventCountry "POL"]
[SourceTitle "playchess.com"]
[Source "ChessBase"]
[SourceQuality "1"]
[TimeControl "900+10"]

1. e4 {[%emt 0:00:01]} d6 {[%emt 0:00:01]} 2. d4 {[%emt 0:00:02]} Nf6 {[%emt 0:
00:01]} 3. Nc3 {[%emt 0:00:01]} e5 {[%emt 0:00:01]} 4. Nge2 {[%emt 0:00:04]}
Nc6 {[%emt 0:00:03]} 5. h3 {[%emt 0:00:35]} g6 {[%emt 0:02:57]} 6. Be3 {
[%emt 0:00:24]} Bg7 {[%emt 0:00:06]} 7. g4 {[%emt 0:00:17]} d5 {[%emt 0:03:01]}
8. dxe5 {[%emt 0:01:28]} Nxe5 {[%emt 0:00:24]} 9. Bg2 {[%emt 0:00:17]} Nc4 {
[%emt 0:03:50]} 10. Bg5 {[%emt 0:00:35]} h6 {[%emt 0:00:23]} 11. Bxf6 {[%emt 0:
03:04]} Bxf6 {[%emt 0:00:01]} 12. exd5 {[%emt 0:00:02]} Qe7 {[%emt 0:02:04]}
13. Qd3 {[%emt 0:00:23]} Nd6 {[%emt 0:03:24]} 14. O-O-O {[%emt 0:00:11]} Bd7 {
[%emt 0:00:19]} 15. Rhe1 {[%emt 0:00:19]} O-O-O {[%emt 0:00:12]} 16. Nd4 {
[%emt 0:00:29]} Qf8 {[%emt 0:00:01]} 17. Nc6 {[%emt 0:00:00]} Re8 {[%emt 0:00:
47]} 18. Nxa7+ {[%emt 0:00:56]} Kb8 {[%emt 0:00:01]} 19. Nc6+ {[%emt 0:00:01]}
bxc6 {[%emt 0:00:14]} 20. dxc6 {[%emt 0:00:03]} Bc8 {[%emt 0:00:02]} 21. Nd5 {
[%emt 0:01:30]} Rxe1 {[%emt 0:00:12]} 22. Rxe1 {[%emt 0:00:02]} Qd8 {[%emt 0:
00:30]} 23. Qb3+ {[%emt 0:00:18]} Nb7 {[%emt 0:00:13]} 24. cxb7 {[%emt 0:00:11]
} Be6 {[%emt 0:00:00]} 25. Qa4 {[%emt 0:00:21]} Bg5+ {[%emt 0:00:22]} 26. f4 {
[%emt 0:00:10]} Bxf4+ {[%emt 0:00:02]} 27. Nxf4 {[%emt 0:00:06]} 1-0

[Event "European Rapid Championship 2021"]
[Site "Katowice"]
[Date "2021.12.19"]
[Round "10.4"]
[White "Donchenko, Alexander"]
[Black "Keinanen, Toivo"]
[Result "1-0"]
[WhiteElo "2535"]
[BlackElo "2341"]
[Annotator "ChessBase"]
[PlyCount "115"]
[EventDate "2021.12.18"]
[EventType "swiss"]
[EventCountry "POL"]
[SourceTitle "playchess.com"]
[Source "ChessBase"]
[SourceQuality "1"]
[TimeControl "900+10"]

1. c4 {[%emt 0:00:06]} e6 {[%emt 0:00:14]} 2. g3 {[%emt 0:00:12]} d5 {[%emt 0:
00:02]} 3. Bg2 {[%emt 0:00:01]} Nf6 {[%emt 0:01:35]} 4. Nf3 {[%emt 0:00:05]}
dxc4 {[%emt 0:00:52]} 5. Qa4+ {[%emt 0:00:02]} Bd7 {[%emt 0:00:02]} 6. Qxc4 {
[%emt 0:00:03]} c5 {[%emt 0:00:07]} 7. Ne5 {[%emt 0:00:03]} Qc8 {[%emt 0:00:01]
} 8. Qd3 {[%emt 0:00:02]} Nc6 {[%emt 0:00:52]} 9. Nxd7 {[%emt 0:00:03]} Nxd7 {
[%emt 0:00:05]} 10. b3 {[%emt 0:00:05]} Be7 {[%emt 0:00:40]} 11. Bb2 {[%emt 0:
00:03]} O-O {[%emt 0:00:31]} 12. Nc3 {[%emt 0:00:02]} Rd8 {[%emt 0:00:59]} 13.
Rc1 {[%emt 0:00:02]} Nf6 {[%emt 0:00:32]} 14. Qb1 {[%emt 0:00:07]} Qd7 {
[%emt 0:00:15]} 15. d3 {[%emt 0:00:02]} Rac8 {[%emt 0:00:03]} 16. O-O {[%emt 0:
00:04]} b6 {[%emt 0:00:08]} 17. Rfd1 {[%emt 0:00:05]} h6 {[%emt 0:01:20]} 18.
Rd2 {[%emt 0:00:56]} Qe8 {[%emt 0:02:18]} 19. Rcd1 {[%emt 0:00:15]} Nd5 {
[%emt 0:00:25]} 20. e3 {[%emt 0:00:59]} Nxc3 {[%emt 0:00:21]} 21. Bxc3 {
[%emt 0:00:02]} Rd6 {[%emt 0:00:34]} 22. a3 {[%emt 0:01:20]} a5 {[%emt 0:00:01]
} 23. Bb2 {[%emt 0:00:43]} Qd7 {[%emt 0:00:22]} 24. Qc1 {[%emt 0:00:18]} Rd8 {
[%emt 0:00:35]} 25. Qc4 {[%emt 0:00:10]} Bf8 {[%emt 0:00:16]} 26. h4 {[%emt 0:
00:26]} Qc8 {[%emt 0:00:50]} 27. Rc1 {[%emt 0:01:39]} Qd7 {[%emt 0:00:42]} 28.
Be4 {[%emt 0:00:30]} Qa7 {[%emt 0:00:24]} 29. Rdc2 {[%emt 0:00:37]} Ne7 {
[%emt 0:00:16]} 30. d4 {[%emt 0:00:42]} cxd4 {[%emt 0:00:10]} 31. Bxd4 {
[%emt 0:00:03]} Nf5 {[%emt 0:00:30]} 32. Bxf5 {[%emt 0:01:35]} exf5 {[%emt 0:
00:00]} 33. Qb5 {[%emt 0:00:02]} Rd5 {[%emt 0:01:49]} 34. Qc6 {[%emt 0:01:04]}
Bxa3 {[%emt 0:00:50]} 35. Bxb6 {[%emt 0:00:17]} Qd7 {[%emt 0:00:10]} 36. Bxd8 {
[%emt 0:01:30]} Qxc6 {[%emt 0:00:05]} 37. Rxc6 {[%emt 0:00:01]} Bxc1 {[%emt 0:
00:01]} 38. Rc8 {[%emt 0:01:31]} Kh7 {[%emt 0:00:15]} 39. Rxc1 {[%emt 0:00:23]}
Rxd8 {[%emt 0:00:05]} 40. Rc5 {[%emt 0:00:01]} Kg6 {[%emt 0:01:42]} 41. Rxa5 {
[%emt 0:00:18]} Rb8 {[%emt 0:00:13]} 42. Ra3 {[%emt 0:00:02]} Kf6 {[%emt 0:00:
09]} 43. Kf1 {[%emt 0:00:03]} g5 {[%emt 0:00:10]} 44. hxg5+ {[%emt 0:00:18]}
hxg5 {[%emt 0:00:01]} 45. Ke2 {[%emt 0:00:02]} Ke5 {[%emt 0:00:16]} 46. f4+ {
[%emt 0:00:39]} gxf4 {[%emt 0:00:31]} 47. gxf4+ {[%emt 0:00:02]} Kd5 {[%emt 0:
00:21]} 48. Kd3 {[%emt 0:00:03]} Rb5 {[%emt 0:00:15]} 49. Kc3 {[%emt 0:00:12]}
Rc5+ {[%emt 0:00:11]} 50. Kb4 {[%emt 0:00:02]} Rc7 {[%emt 0:00:06]} 51. Ra5+ {
[%emt 0:00:02]} Ke4 {[%emt 0:00:11]} 52. Re5+ {[%emt 0:00:02]} Kd3 {[%emt 0:00:
01]} 53. Ka5 {[%emt 0:00:24]} Rb7 {[%emt 0:00:25]} 54. b4 {[%emt 0:00:07]} Ra7+
{[%emt 0:00:10]} 55. Kb6 {[%emt 0:00:04]} Ra8 {[%emt 0:00:05]} 56. b5 {[%emt 0:
00:05]} Kc4 {[%emt 0:00:11]} 57. Rxf5 {[%emt 0:00:05]} Rb8+ {[%emt 0:00:12]}
58. Ka6 {[%emt 0:00:03]} 1-0

[Event "European Rapid Championship 2021"]
[Site "Katowice"]
[Date "2021.12.19"]
[Round "10.4"]
[White "Smieszek, Wojciech"]
[Black "Skawinski, Arkadiusz"]
[Result "1-0"]
[WhiteElo "2033"]
[BlackElo "2367"]
[Annotator "NA"]
[PlyCount "39"]
[EventDate "2021.12.18"]
[EventType "swiss"]
[EventCountry "POL"]
[SourceTitle "playchess.com"]
[Source "ChessBase"]
[SourceQuality "1"]
[TimeControl "900+10"]

1. e4 {[%emt 0:00:02]} e6 {[%emt 0:00:00]} 2. d4 {[%emt 0:00:01]} d5 {[%emt 0:
00:01]} 3. Bd3 {[%emt 0:00:01]} dxe4 {[%emt 0:00:06]} 4. Bxe4 {[%emt 0:00:01]}
Nf6 {[%emt 0:00:05]} 5. Bf3 {[%emt 0:00:02]} c5 {[%emt 0:00:36]} 6. Ne2 {
[%emt 0:00:02]} Nc6 {[%emt 0:00:09]} 7. Be3 {[%emt 0:00:03]} cxd4 {[%emt 0:00:
03]} 8. Nxd4 {[%emt 0:00:06]} Ne5 {[%emt 0:00:20]} 9. O-O {[%emt 0:00:57]}
Nxf3+ {[%emt 0:00:09]} 10. Qxf3 {[%emt 0:00:11]} a6 {[%emt 0:00:08]} 11. Nc3 {
[%emt 0:00:14]} Be7 {[%emt 0:01:45]} 12. Rad1 {[%emt 0:01:04]} Qc7 {[%emt 0:00:
04]} 13. Rfe1 {[%emt 0:00:23]} O-O {[%emt 0:00:14]} 14. Bf4 {[%emt 0:01:02]}
Qb6 {[%emt 0:00:30]} 15. Nf5 {[%emt 0:01:02]} exf5 {[%emt 0:00:22]} 16. Rxe7 {
[%emt 0:00:02]} Qxb2 {[%emt 0:00:35]} 17. Bd6 {[%emt 0:04:11]} Rd8 {[%emt 0:01:
32]} 18. Ba3 {[%emt 0:02:36]} Rxd1+ {[%emt 0:00:27]} 19. Qxd1 {[%emt 0:00:01]}
Qb6 {[%emt 0:00:54]} 20. Na4 {[%emt 0:00:06]} 1-0

[Event "European Rapid Championship 2021"]
[Site "Katowice"]
[Date "2021.12.19"]
[Round "10.5"]
[White "Godzwon, Iwo"]
[Black "Kindler, Przemyslaw"]
[Result "0-1"]
[WhiteElo "2352"]
[BlackElo "2032"]
[Annotator "NA"]
[PlyCount "84"]
[EventDate "2021.12.18"]
[EventType "swiss"]
[EventCountry "POL"]
[SourceTitle "playchess.com"]
[Source "ChessBase"]
[SourceQuality "1"]
[TimeControl "900+10"]

1. b3 {[%emt 0:00:05]} e5 {[%emt 0:00:15]} 2. Bb2 {[%emt 0:00:01]} Nc6 {
[%emt 0:00:00]} 3. e3 {[%emt 0:00:01]} d5 {[%emt 0:00:02]} 4. Bb5 {[%emt 0:01:
07]} Bd6 {[%emt 0:00:06]} 5. Ne2 {[%emt 0:00:01]} Nge7 {[%emt 0:00:04]} 6. O-O
{[%emt 0:00:08]} O-O {[%emt 0:00:02]} 7. f4 {[%emt 0:00:01]} f6 {[%emt 0:00:09]
} 8. Nbc3 {[%emt 0:00:28]} a6 {[%emt 0:00:16]} 9. Bxc6 {[%emt 0:00:02]} bxc6 {
[%emt 0:00:02]} 10. Ng3 {[%emt 0:00:08]} Qe8 {[%emt 0:00:13]} 11. f5 {[%emt 0:
01:03]} e4 {[%emt 0:00:12]} 12. Nce2 {[%emt 0:00:01]} Bd7 {[%emt 0:00:08]} 13.
d3 {[%emt 0:01:29]} Qc8 {[%emt 0:03:00]} 14. dxe4 {[%emt 0:01:20]} dxe4 {
[%emt 0:00:02]} 15. Nxe4 {[%emt 0:00:09]} Nxf5 {[%emt 0:00:02]} 16. Qd3 {
[%emt 0:00:14]} Qe8 {[%emt 0:00:37]} 17. Nxd6 {[%emt 0:00:41]} Nxd6 {[%emt 0:
00:08]} 18. Ng3 {[%emt 0:01:31]} Rd8 {[%emt 0:00:12]} 19. Ba3 {[%emt 0:01:47]}
Rf7 {[%emt 0:00:32]} 20. Bxd6 {[%emt 0:00:51]} Bc8 {[%emt 0:00:01]} 21. Ne4 {
[%emt 0:03:39]} cxd6 {[%emt 0:00:03]} 22. Rad1 {[%emt 0:00:01]} Rfd7 {[%emt 0:
01:10]} 23. Rd2 {[%emt 0:01:12]} Qe7 {[%emt 0:00:38]} 24. Ng3 {[%emt 0:01:34]}
Bb7 {[%emt 0:01:28]} 25. Nf5 {[%emt 0:00:16]} Qe6 {[%emt 0:00:03]} 26. c4 {
[%emt 0:00:37]} c5 {[%emt 0:00:06]} 27. Qc3 {[%emt 0:00:01]} d5 {[%emt 0:00:34]
} 28. cxd5 {[%emt 0:00:09]} Rxd5 {[%emt 0:00:01]} 29. Qc4 {[%emt 0:00:42]} Re8
{[%emt 0:01:26]} 30. Rdf2 {[%emt 0:00:22]} g6 {[%emt 0:00:35]} 31. Nh6+ {
[%emt 0:00:12]} Kg7 32. Ng4 Rg5 {[%emt 0:01:24]} 33. h3 {[%emt 0:00:22]} Qxc4 {
[%emt 0:00:07]} 34. bxc4 f5 {[%emt 0:00:04]} 35. Nh2 {[%emt 0:00:23]} Rxe3 36.
Rd1 {[%emt 0:00:02]} Be4 {[%emt 0:00:10]} 37. Rd7+ {[%emt 0:00:12]} Kh6 {
[%emt 0:00:01]} 38. Re7 {[%emt 0:00:22]} Rxh3 {[%emt 0:00:09]} 39. Nf1 {
[%emt 0:00:09]} Rc3 {[%emt 0:00:16]} 40. g3 {[%emt 0:00:11]} Rh5 {[%emt 0:00:
04]} 41. Rh2 {[%emt 0:00:00]} Rxh2 {[%emt 0:00:03]} 42. Kxh2 {[%emt 0:00:01]}
Rc2+ {[%emt 0:00:05]} 0-1

[Event "European Rapid Championship 2021"]
[Site "Katowice"]
[Date "2021.12.19"]
[Round "10.5"]
[White "Kyc, Jerzy"]
[Black "Sumets, Andrey"]
[Result "1-0"]
[WhiteElo "2308"]
[BlackElo "2508"]
[Annotator "ChessBase"]
[PlyCount "85"]
[EventDate "2021.12.18"]
[EventType "swiss"]
[EventCountry "POL"]
[SourceTitle "playchess.com"]
[Source "ChessBase"]
[SourceQuality "1"]
[TimeControl "900+10"]

1. e4 {[%emt 0:00:02]} e6 {[%emt 0:00:06]} 2. d4 {[%emt 0:00:01]} d5 {[%emt 0:
00:01]} 3. Nd2 {[%emt 0:00:02]} c5 {[%emt 0:00:02]} 4. Ngf3 {[%emt 0:00:01]} a6
{[%emt 0:00:39]} 5. dxc5 {[%emt 0:00:19]} Bxc5 {[%emt 0:00:04]} 6. Bd3 {
[%emt 0:00:02]} Nc6 {[%emt 0:00:43]} 7. a3 {[%emt 0:00:13]} Nf6 {[%emt 0:00:27]
} 8. O-O {[%emt 0:00:03]} O-O {[%emt 0:01:30]} 9. b4 {[%emt 0:00:03]} Be7 {
[%emt 0:00:42]} 10. Bb2 {[%emt 0:00:03]} b5 {[%emt 0:00:20]} 11. e5 {[%emt 0:
03:34]} Nd7 {[%emt 0:00:03]} 12. Qe2 {[%emt 0:00:30]} Nb6 {[%emt 0:01:02]} 13.
Nd4 {[%emt 0:00:13]} Qc7 {[%emt 0:02:26]} 14. Nxc6 {[%emt 0:00:22]} Qxc6 {
[%emt 0:00:02]} 15. f4 {[%emt 0:00:29]} Nc4 {[%emt 0:01:57]} 16. Bd4 {[%emt 0:
01:17]} f5 {[%emt 0:01:28]} 17. Nb3 {[%emt 0:01:43]} Bd7 {[%emt 0:00:44]} 18.
Bc5 {[%emt 0:02:06]} Bxc5+ {[%emt 0:01:07]} 19. Nxc5 {[%emt 0:00:04]} Nb6 {
[%emt 0:01:09]} 20. g4 {[%emt 0:01:15]} Na4 {[%emt 0:01:20]} 21. Nxa4 {[%emt 0:
00:54]} bxa4 {[%emt 0:00:01]} 22. gxf5 {[%emt 0:00:56]} exf5 {[%emt 0:00:02]}
23. Qe3 {[%emt 0:02:25]} Rac8 {[%emt 0:01:03]} 24. Qd4 {[%emt 0:00:58]} Qb7 {
[%emt 0:00:07]} 25. Rae1 {[%emt 0:00:38]} Rfe8 {[%emt 0:01:03]} 26. Rf3 {
[%emt 0:00:15]} Be6 {[%emt 0:00:27]} 27. Rg3 {[%emt 0:00:21]} Re7 {[%emt 0:00:
14]} 28. Rg5 {[%emt 0:00:16]} Rc6 {[%emt 0:00:30]} 29. Bxf5 {[%emt 0:00:31]}
Bxf5 {[%emt 0:00:08]} 30. Rxf5 {[%emt 0:00:01]} Rxc2 {[%emt 0:00:10]} 31. e6 {
[%emt 0:00:09]} Rc4 {[%emt 0:00:21]} 32. Qxd5 {[%emt 0:00:12]} Qxd5 {[%emt 0:
00:01]} 33. Rxd5 {[%emt 0:00:01]} Rxf4 {[%emt 0:00:01]} 34. Rd6 {[%emt 0:00:11]
} h5 {[%emt 0:00:26]} 35. Rxa6 {[%emt 0:00:07]} Rf6 {[%emt 0:00:18]} 36. Rxa4 {
[%emt 0:00:14]} Rg6+ {[%emt 0:00:01]} 37. Kh1 {[%emt 0:00:07]} Rgxe6 {[%emt 0:
00:02]} 38. Rxe6 {[%emt 0:00:01]} Rxe6 {[%emt 0:00:01]} 39. b5 Kf7 {[%emt 0:00:
39]} 40. Rb4 {[%emt 0:00:17]} Rb6 {[%emt 0:00:09]} 41. a4 {[%emt 0:00:02]} Ke6
{[%emt 0:00:01]} 42. a5 {[%emt 0:00:01]} Rb8 {[%emt 0:00:01]} 43. a6 {[%emt 0:
00:17]} 1-0

[Event "European Rapid Championship 2021"]
[Site "Katowice"]
[Date "2021.12.19"]
[Round "10.6"]
[White "Andersen, Mads"]
[Black "Brodowski, Piotr"]
[Result "0-1"]
[WhiteElo "2574"]
[BlackElo "2414"]
[Annotator "ChessBase"]
[PlyCount "142"]
[EventDate "2021.12.18"]
[EventType "swiss"]
[EventCountry "POL"]
[SourceTitle "playchess.com"]
[Source "ChessBase"]
[SourceQuality "1"]
[TimeControl "900+10"]

1. Nf3 {[%emt 0:00:07]} Nf6 {[%emt 0:00:35]} 2. c4 {[%emt 0:00:08]} d6 {
[%emt 0:00:06]} 3. d4 {[%emt 0:00:05]} g6 {[%emt 0:00:06]} 4. Nc3 {[%emt 0:00:
05]} Bf5 {[%emt 0:00:02]} 5. d5 {[%emt 0:00:02]} Bg7 {[%emt 0:00:22]} 6. Nd4 {
[%emt 0:00:03]} Bd7 {[%emt 0:00:07]} 7. e4 {[%emt 0:00:02]} O-O {[%emt 0:01:39]
} 8. Be2 {[%emt 0:00:04]} c5 {[%emt 0:00:04]} 9. Nf3 {[%emt 0:02:13]} Bg4 {
[%emt 0:02:58]} 10. O-O {[%emt 0:01:03]} Bxf3 {[%emt 0:00:02]} 11. Bxf3 {
[%emt 0:00:03]} a6 {[%emt 0:01:02]} 12. a4 {[%emt 0:00:06]} Nbd7 {[%emt 0:00:
00]} 13. Bf4 {[%emt 0:00:30]} Qc7 {[%emt 0:00:03]} 14. Re1 {[%emt 0:00:15]}
Rad8 {[%emt 0:00:10]} 15. Be2 {[%emt 0:01:40]} Rfe8 {[%emt 0:00:33]} 16. Qd2 {
[%emt 0:00:12]} Qa5 {[%emt 0:01:41]} 17. Qc2 {[%emt 0:01:29]} h6 {[%emt 0:01:
02]} 18. h3 {[%emt 0:00:10]} Nf8 {[%emt 0:00:44]} 19. Bd3 {[%emt 0:02:57]} N6d7
{[%emt 0:00:30]} 20. Bd2 {[%emt 0:00:58]} Qc7 {[%emt 0:00:02]} 21. Qc1 {
[%emt 0:00:01]} Kh7 {[%emt 0:02:08]} 22. f4 {[%emt 0:00:05]} e6 {[%emt 0:00:59]
} 23. Qc2 {[%emt 0:00:13]} Bd4+ {[%emt 0:00:41]} 24. Kh2 {[%emt 0:00:02]} e5 {
[%emt 0:00:02]} 25. g3 {[%emt 0:00:41]} Nf6 {[%emt 0:00:15]} 26. Ne2 {[%emt 0:
00:32]} N8d7 {[%emt 0:00:54]} 27. a5 {[%emt 0:00:46]} h5 {[%emt 0:01:03]} 28.
Nxd4 {[%emt 0:00:13]} cxd4 {[%emt 0:00:01]} 29. b4 {[%emt 0:00:06]} h4 {
[%emt 0:00:01]} 30. g4 {[%emt 0:01:06]} exf4 {[%emt 0:00:04]} 31. Bxf4 {
[%emt 0:00:06]} Ne5 {[%emt 0:00:18]} 32. Kg2 {[%emt 0:00:14]} Qd7 {[%emt 0:01:
01]} 33. Bxe5 {[%emt 0:01:40]} Rxe5 {[%emt 0:00:01]} 34. Qf2 {[%emt 0:00:02]}
Kg7 {[%emt 0:00:35]} 35. Qxh4 {[%emt 0:01:11]} Rde8 {[%emt 0:00:12]} 36. Ra2 {
[%emt 0:00:49]} Nxe4 {[%emt 0:00:14]} 37. Bxe4 {[%emt 0:00:13]} Rxe4 {[%emt 0:
00:01]} 38. Rxe4 {[%emt 0:00:02]} Rxe4 {[%emt 0:00:02]} 39. Rf2 {[%emt 0:00:01]
} d3 {[%emt 0:00:44]} 40. Qf6+ {[%emt 0:00:23]} Kg8 {[%emt 0:00:01]} 41. Qc3 {
[%emt 0:00:15]} Qc7 {[%emt 0:00:17]} 42. c5 {[%emt 0:00:43]} dxc5 {[%emt 0:00:
01]} 43. Qxc5 {[%emt 0:00:13]} Qxc5 {[%emt 0:00:23]} 44. bxc5 {[%emt 0:00:02]}
Rc4 {[%emt 0:00:01]} 45. Kf3 {[%emt 0:00:30]} Rxc5 {[%emt 0:00:25]} 46. Ke4 {
[%emt 0:00:05]} Kf8 {[%emt 0:00:09]} 47. Rb2 {[%emt 0:00:15]} Rxa5 {[%emt 0:00:
19]} 48. Rxb7 {[%emt 0:00:06]} d2 {[%emt 0:00:16]} 49. Rb1 {[%emt 0:00:03]} Ke7
{[%emt 0:00:06]} 50. Ke5 {[%emt 0:00:14]} Rb5 {[%emt 0:00:11]} 51. Rd1 {
[%emt 0:00:10]} f6+ {[%emt 0:00:02]} 52. Ke4 {[%emt 0:00:08]} Rb2 {[%emt 0:00:
01]} 53. Kd4 {[%emt 0:00:05]} Kd6 {[%emt 0:00:03]} 54. Kc3 {[%emt 0:00:03]} Ra2
{[%emt 0:00:04]} 55. Kb3 {[%emt 0:00:03]} Ra5 {[%emt 0:00:03]} 56. Rxd2 {
[%emt 0:00:01]} Rxd5 {[%emt 0:00:01]} 57. Rf2 {[%emt 0:00:21]} Ke6 {[%emt 0:00:
06]} 58. Kc4 {[%emt 0:00:07]} Re5 {[%emt 0:00:02]} 59. Kd4 {[%emt 0:00:11]} Rb5
{[%emt 0:00:25]} 60. Kc4 {[%emt 0:00:10]} Ra5 {[%emt 0:00:18]} 61. Re2+ {
[%emt 0:00:27]} Kf7 {[%emt 0:00:01]} 62. Re3 {[%emt 0:00:25]} g5 {[%emt 0:00:
06]} 63. Rb3 {[%emt 0:00:05]} Ra4+ {[%emt 0:00:14]} 64. Kd5 {[%emt 0:00:12]}
Ra1 {[%emt 0:00:07]} 65. Ke4 {[%emt 0:00:11]} a5 {[%emt 0:00:12]} 66. Rb7+ {
[%emt 0:00:06]} Kg6 {[%emt 0:00:03]} 67. Ra7 {[%emt 0:00:16]} Ra3 {[%emt 0:00:
05]} 68. Kd5 {[%emt 0:00:14]} Rd3+ {[%emt 0:00:22]} 69. Ke6 {[%emt 0:00:08]}
Rxh3 {[%emt 0:00:05]} 70. Rxa5 {[%emt 0:00:03]} Re3+ {[%emt 0:00:03]} 71. Kd6 {
[%emt 0:00:09]} Re4 {[%emt 0:00:01]} 0-1